| 000 | 00651nam a22002057a 4500 | ||
|---|---|---|---|
| 003 | OSt | ||
| 005 | 20250717024009.0 | ||
| 008 | 250717b |||||||| |||| 00| 0 eng d | ||
| 020 | _a978-971-9905486 | ||
| 040 |
_aDWCL-Main lib _cOC |
||
| 082 | _aFil. 647.95 C277h 2013 | ||
| 100 | _aBeltran, Ma. Pamela | ||
| 245 |
_a The hospitality industry : _bintroduction/ _cMa. Pamela Beltran |
||
| 260 |
_aManila : _b Mindshapers Co., Inc. |
||
| 300 |
_a x, 254 pages : _b illustrations ; _c26 cm. |
||
| 504 | _aIncludes bibliographical references. | ||
| 650 | _a1. Hospitality industry. | ||
| 700 | _aCelia E. CariƱo | ||
| 942 |
_2ddc _cBK - FIL _kFil. _n0 |
||
| 999 |
_c3726 _d3726 |
||